000 00983nam a2200277Ia 4500
003 OSt
005 20221005105704.0
006 a|||||r|||| 00| 0
007 ta
008 221004b |||||||| |||| 00| 0 hin d
020 _c125
024 _a96710
037 _b564, 23/03/2009, Vani Prakashan
_cTextual
040 _aCRL
_cCRL
_bhin
041 _2hin
_ahin
082 _aO152,6N165x, N8;p6
100 _aश्रोत्रिय, प्रभाकर
245 0 _aसौंदर्य का तात्पर्य
246 _aSauandarya kā tātparya
250 _a2 संस्करण
260 _aनई दिल्ली
_bवाणी प्रकाशन भारत
_c2006
300 _a134पृ0
_ccm.
650 _aहिन्दी साहित्य
942 _hO152,6N165x, N8;p6
_cTEXL
_2cc
999 _c1016580
_d1016580